Research navigator guide for :Social gerontology : a multidisciplinary perspective (Record no. 2458)
[ view plain ]
| 000 -LEADER | |
|---|---|
| fixed length control field | 00705nam a22002057a 4500 |
| 020 ## - INTERNATIONAL STANDARD BOOK NUMBER | |
| ISBN | 02544363X |
| 020 ## - INTERNATIONAL STANDARD BOOK NUMBER | |
| ISBN | 0205446116 |
| 020 ## - INTERNATIONAL STANDARD BOOK NUMBER | |
| ISBN | 9780205423347 |
| 020 ## - INTERNATIONAL STANDARD BOOK NUMBER | |
| ISBN | 0205423345 |
| 022 ## - INTERNATIONAL STANDARD SERIAL NUMBER | |
| ISSN | 9780205446117 |
| 050 ## - CALL NUMBER | |
| Classification number | HQ1061 |
| Item number | .H76 |
| 100 ## - AUTHOR | |
| Personal name | Hooyman, Nancy R |
| 245 ## - TITLE | |
| Title | Research navigator guide for :Social gerontology : a multidisciplinary perspective |
| Statement of responsibility, etc | Nancy R Hooyman; H Asuman Kiyak |
| 250 ## - EDITION | |
| Edition statement | : 7th ed |
| 260 ## - PUBLICATION INFORMATION | |
| Place of publication | Boston, MA : |
| Name of publisher | Pearson/Allyn and Bacon, |
| Year of publication | 2005. |
| 300 ## - DESCRIPTION | |
| Number of Pages | xii, 115 pages : |
| Other physical details | illustrations ; |
| Dimensions | 23 cm |
| 500 ## - NOTES | |
| General note | <br/>Notes: Revised edition of: Social gerontology. 6th ed. c2002.<br/> |
| 505 ## - FORMATTED CONTENTS NOTE | |
| Table of Content | V. 1. text --<br/>v. 2. Research navigator guide. |
| 942 ## - ADDED ENTRY ELEMENTS (KOHA) | |
| Koha item type | Books |
| Withdrawn status | Lost status | Collection code | Home library | Current library | Shelving location | Date acquired | Full call number | Accession Number | Copy number | Koha item type |
|---|---|---|---|---|---|---|---|---|---|---|
| Reference | Methodist University Library Main | Methodist University Library Main | General Stacks | HQ1061 .H76 | 4054 | 1 | Books |